[Event "6th Agzamov Memorial"]
[Site "Tashkent UZB"]
[Date "2012.03.10"]
[Round "5"]
[White "Farid, F."]
[Black "Megaranto, S."]
[Result "1-0"]
[WhiteElo "2251"]
[BlackElo "2528"]
[PlyCount "100"]
[EventDate "2012.03.06"]
[EventType "swiss"]
[EventRounds "9"]
[EventCountry "UZB"]
[Source "Mark Crowther"]
[SourceDate "2012.03.12"]

1. e4 d5 2. exd5 Qxd5 3. Nc3 Qa5 4. d4 c6 5. Nf3 Bf5 6. Bc4 e6 7. Ne5 Nf6 8. g4
Be4 9. Rg1 Bd5 10. Bxd5 cxd5 11. Qd3 Nc6 12. Nxc6 bxc6 13. Bd2 Bd6 14. g5 Nd7
15. Rg4 Rb8 16. b3 Qc7 17. O-O-O Nf8 18. h4 Ng6 19. h5 Ne7 20. Ne2 a5 21. Nf4
g6 22. Rh1 Kd7 23. Qc3 Bb4 24. Qf3 Bxd2+ 25. Kxd2 Nf5 26. Nd3 Ke7 27. Rh3 a4
28. b4 gxh5 29. Rxh5 Rbg8 30. Ne5 Qd6 31. a3 Rf8 32. Qf4 Rfg8 33. Rh3 Rg7 34.
Rc3 Rc8 35. Rc5 Rc7 36. Qf3 Rg8 37. Qc3 Rgc8 38. Rg1 Kf8 39. Rh1 Kg7 40. Qh3
Rh8 41. c3 Qe7 42. Qh5 Nd6 43. f4 Nf5 44. g6 f6 45. Nf7 h6 46. Nxh8 Kxh8 47.
Qh2 Kg7 48. Re1 Nd6 49. Kc2 Rc8 50. Rh1 Nf5 1-0

[Event "6th Agzamov Memorial"]
[Site "Tashkent UZB"]
[Date "2012.03.10"]
[Round "5"]
[White "Filippov, An UZB"]
[Black "Atabayev, M."]
[Result "1-0"]
[WhiteElo "2637"]
[BlackElo "2367"]
[PlyCount "163"]
[EventDate "2012.03.06"]
[EventType "swiss"]
[EventRounds "9"]
[EventCountry "UZB"]
[Source "Mark Crowther"]
[SourceDate "2012.03.12"]

1. e4 e6 2. d4 d5 3. Nc3 dxe4 4. Nxe4 Bd7 5. Nf3 Bc6 6. Bd3 Nd7 7. O-O Ngf6 8.
Ng3 Be7 9. c3 O-O 10. Re1 Bxf3 11. Qxf3 c6 12. Bf4 Re8 13. Rad1 Qa5 14. Bb1
Rad8 15. Qe2 Bf8 16. Nf1 c5 17. dxc5 Qxc5 18. Nd2 Qh5 19. Ne4 Qxe2 20. Rxe2
Nxe4 21. Bxe4 Nf6 22. Bc2 Rxd1+ 23. Bxd1 Bc5 24. Kf1 Nd5 25. Bc1 b5 26. Rd2 Nb6
27. Bf3 Rc8 28. Rd1 Kf8 29. Bf4 Be7 30. Be2 Nd5 31. Bd2 a6 32. g3 Ke8 33. h4 h6
34. Ra1 Nb6 35. Rb1 Nc4 36. Be1 Rd8 37. a4 Bc5 38. axb5 axb5 39. b3 Nd6 40. Ra1
Rb8 41. Bd3 Kd7 42. Ke2 Kc6 43. Bd2 Kb7 44. h5 e5 45. g4 f6 46. Bg6 Rc8 47. f3
Bb6 48. Be1 Kc6 49. Ra2 Rd8 50. Bd2 Rc8 51. Ra1 Kb7 52. Kd3 Rd8 53. Kc2 Rc8 54.
Kb1 Kc6 55. Ra6 Kb7 56. Ra2 Kc6 57. Be1 Rd8 58. Re2 Kd5 59. Bd2 Ra8 60. Bc1 Rc8
61. Bd2 Rc7 62. Kb2 Bc5 63. Be1 Re7 64. Bd3 Kc6 65. Kb1 Ra7 66. Bg3 Kd5 67. Rd2
Kc6 68. Ra2 Rxa2 69. Kxa2 Kd5 70. Be1 Be3 71. Kb2 Bc5 72. Kc2 Be3 73. Kd1 Bc5
74. Ke2 Bb6 75. Bxb5 e4 76. c4+ Ke6 77. Bc6 f5 78. Bc3 exf3+ 79. Kxf3 fxg4+ 80.
Kxg4 Kf7 81. Bd5+ Kf8 82. b4 1-0

[Event "6th Agzamov Memorial"]
[Site "Tashkent UZB"]
[Date "2012.03.10"]
[Round "5"]
[White "Golubev, R."]
[Black "Esenov, An"]
[Result "1-0"]
[WhiteElo "2185"]
[BlackElo "2321"]
[PlyCount "137"]
[EventDate "2012.03.06"]
[EventType "swiss"]
[EventRounds "9"]
[EventCountry "UZB"]
[Source "Mark Crowther"]
[SourceDate "2012.03.12"]

1. e4 c5 2. Nf3 d6 3. d4 cxd4 4. Nxd4 Nf6 5. Nc3 a6 6. Be3 e6 7. f3 b5 8. Qd2
Nbd7 9. g4 Nb6 10. a4 Nc4 11. Bxc4 bxc4 12. a5 Qc7 13. Na4 Bb7 14. O-O-O Rc8
15. Ne2 d5 16. g5 Nd7 17. Nb6 Nxb6 18. Bxb6 Qc6 19. exd5 Qxd5 20. Qxd5 Bxd5 21.
Rhf1 Be7 22. f4 h6 23. h4 hxg5 24. hxg5 Rh3 25. Nc3 Bf3 26. Rd2 Bb4 27. Rdf2
Bg4 28. Na4 Kf8 29. c3 Bd6 30. Rd2 Ke7 31. Bd4 Rf3 32. Rxf3 Bxf3 33. Be5 Bxe5
34. fxe5 Rh8 35. Rd4 Rh5 36. Rxc4 Rxg5 37. Rc7+ Ke8 38. Rc8+ Ke7 39. Rc7+ Ke8
40. Rc8+ Ke7 41. Rc7+ Kd8 42. Rxf7 Bc6 43. Nc5 Rxe5 44. Nxa6 g5 45. Nb4 Be8 46.
Ra7 Bd7 47. a6 Ra5 48. Ra8+ Ke7 49. Rh8 Kf6 50. Rh7 Be8 51. Kd2 Bg6 52. Rh8 Kg7
53. Rd8 Be4 54. Ke3 Bh1 55. Rd1 Ba8 56. Rd6 Kf6 57. Nd3 Kf5 58. b4 Ra3 59. b5
g4 60. Rd8 Bd5 61. Rf8+ Kg5 62. Rg8+ Kf5 63. Kd4 Ra5 64. c4 Bf3 65. Ne5 Ra3 66.
Rf8+ Kg5 67. Nxf3+ gxf3 68. Rxf3 Rxf3 69. b6 1-0

[Event "6th Agzamov Memorial"]
[Site "Tashkent UZB"]
[Date "2012.03.10"]
[Round "5"]
[White "Iordachescu, V."]
[Black "Khusnutdinov, R."]
[Result "1/2-1/2"]
[WhiteElo "2644"]
[BlackElo "2500"]
[PlyCount "199"]
[EventDate "2012.03.06"]
[EventType "swiss"]
[EventRounds "9"]
[EventCountry "UZB"]
[Source "Mark Crowther"]
[SourceDate "2012.03.12"]

1. e4 c5 2. Nf3 d6 3. d4 cxd4 4. Nxd4 Nf6 5. Nc3 a6 6. Be3 e5 7. Nb3 Be6 8. Qd2
Nbd7 9. f4 b5 10. O-O-O Rc8 11. Kb1 Qc7 12. Bd3 Nb6 13. f5 Bc4 14. Qe2 Na4 15.
Nxa4 bxa4 16. Nd2 Bxd3 17. Qxd3 a3 18. b3 d5 19. exd5 Nxd5 20. Nc4 Rd8 21. Qxd5
Rxd5 22. Rxd5 f6 23. Bb6 Qc8 24. Rd8+ Qxd8 25. Bxd8 Kxd8 26. c3 g6 27. Rf1 Rg8
28. g3 Be7 29. Ne3 Kd7 30. Kc2 Kc6 31. Kd3 Rd8+ 32. Ke2 Rb8 33. c4 a5 34. Nd5
Bd8 35. Kd3 Rb7 36. Rf2 Rd7 37. Kc2 g5 38. Nc3 Be7 39. g4 Rd4 40. h3 Bd8 41.
Rd2 Rxd2+ 42. Kxd2 Be7 43. Kd3 Bd8 44. Ne4 Be7 45. Kc3 Bb4+ 46. Kc2 Be7 47. Kd3
Bd8 48. Ke3 Be7 49. Kf3 Bd8 50. Kg3 Be7 51. h4 h6 52. h5 Kb6 53. Kf3 Kc6 54.
Ke3 Bd8 55. Kd2 Be7 56. Kd3 Bd8 57. Nc3 Kb6 58. Ke4 Kc6 59. Nd5 Kc5 60. Kd3 Kd6
61. b4 axb4 62. Nxb4 Bb6 63. Nd5 Bd8 64. Nc3 Kc6 65. Ne4 Be7 66. Kc3 Kb6 67.
Kb3 Kc6 68. Kc2 Bd8 69. Kc3 Be7 70. Kb3 Kb6 71. c5+ Kb5 72. Kc3 Kc6 73. Kc4 Bd8
74. Nc3 Ba5 75. Nd5 e4 76. Nxf6 e3 77. Kd3 Kxc5 78. Kxe3 Kc4 79. Ne4 Bb6+ 80.
Ke2 Kd4 81. Nd6 Bc5 82. Nf7 Bf8 83. Nd8 Ke4 84. Ne6 Be7 85. Nc7 Bd8 86. Ne8 Kf4
87. f6 Kxg4 88. f7 Be7 89. Nf6+ Kh3 90. Kf3 Bc5 91. Ng4 Bf8 92. Ne5 Bb4 93. Ng4
Bf8 94. Nf6 Bb4 95. Ng4 Bf8 96. Ne5 Bb4 97. Ng4 Bf8 98. Nf6 Bb4 99. Ng4 Bf8
100. Ne5 1/2-1/2

[Event "6th Agzamov Memorial"]
[Site "Tashkent UZB"]
[Date "2012.03.10"]
[Round "5"]
[White "Ismagambetov, An"]
[Black "Galyamov, V."]
[Result "0-1"]
[WhiteElo "2471"]
[BlackElo "2198"]
[PlyCount "110"]
[EventDate "2012.03.06"]
[EventType "swiss"]
[EventRounds "9"]
[EventCountry "UZB"]
[Source "Mark Crowther"]
[SourceDate "2012.03.12"]

1. e4 e6 2. d4 d5 3. Nc3 dxe4 4. Nxe4 Nd7 5. Nf3 Ngf6 6. Bd3 Nxe4 7. Bxe4 Nf6
8. Bg5 Be7 9. Bd3 h6 10. Bh4 c5 11. O-O cxd4 12. Nxd4 O-O 13. c3 Qc7 14. Qe2 b6
15. Nb5 Qf4 16. Bg3 Qg5 17. Nc7 Rb8 18. Nd5 Qxd5 19. Rfd1 Qa8 20. Bxb8 Qxb8 21.
Ba6 Bb7 22. Bxb7 Qxb7 23. Rd3 Rd8 24. Rad1 Rxd3 25. Qxd3 Qd5 26. Qb1 Qe5 27.
Qd3 Ng4 28. h3 Nf6 29. Qd4 Qe2 30. Qd2 Qh5 31. Qd3 Qe5 32. Qd4 Qe2 33. Qd2 Qxd2
34. Rxd2 Kf8 35. Kf1 Ke8 36. Ke2 b5 37. Rd1 Nd5 38. Ra1 Nb6 39. Kd3 Kd7 40. Rd1
e5 41. b3 Ke6 42. f3 f5 43. Rd2 h5 44. g4 fxg4 45. fxg4 h4 46. c4 bxc4+ 47.
bxc4 Na4 48. Ke2 e4 49. Rd4 Nc3+ 50. Kf1 Bf6 51. Rd2 e3 52. Rd3 e2+ 53. Ke1 Be5
54. Re3 Kf6 55. Rf3+ Kg6 0-1

[Event "6th Agzamov Memorial"]
[Site "Tashkent UZB"]
[Date "2012.03.10"]
[Round "5"]
[White "Khoroshev, N."]
[Black "Mchedlishvili, M."]
[Result "0-1"]
[WhiteElo "2318"]
[BlackElo "2626"]
[PlyCount "56"]
[EventDate "2012.03.06"]
[EventType "swiss"]
[EventRounds "9"]
[EventCountry "UZB"]
[Source "Mark Crowther"]
[SourceDate "2012.03.12"]

1. d4 Nf6 2. c4 g6 3. Nc3 Bg7 4. e4 d6 5. Be2 O-O 6. Bg5 Na6 7. Qd2 e5 8. d5
Nc5 9. f3 a5 10. Bd1 c6 11. Be3 cxd5 12. cxd5 b6 13. Be2 Ne8 14. O-O-O f5 15.
Kb1 Nf6 16. Qc2 fxe4 17. fxe4 Nfxe4 18. Nxe4 Nxe4 19. Bd3 Nc5 20. Bxc5 e4 21.
Bxe4 bxc5 22. Ne2 Bg4 23. Rd2 Rb8 24. Nc3 Rb4 25. h3 Bd7 26. Ka1 Qh4 27. Bd3
Rfb8 28. Rb1 c4 0-1

[Event "6th Agzamov Memorial"]
[Site "Tashkent UZB"]
[Date "2012.03.10"]
[Round "5"]
[White "Kvon, A."]
[Black "Muminova, N."]
[Result "1-0"]
[WhiteElo "2493"]
[BlackElo "2327"]
[PlyCount "79"]
[EventDate "2012.03.06"]
[EventType "swiss"]
[EventRounds "9"]
[EventCountry "UZB"]
[Source "Mark Crowther"]
[SourceDate "2012.03.12"]

1. Nf3 d5 2. b3 Bg4 3. Bb2 Nd7 4. e3 e6 5. h3 Bh5 6. d3 Ne7 7. Nbd2 Nc6 8. Be2
Qe7 9. a3 f6 10. O-O Rg8 11. b4 Bf7 12. c4 g5 13. Rc1 O-O-O 14. b5 Nce5 15.
Nxe5 fxe5 16. c5 Nxc5 17. Bxe5 Bg7 18. Bh2 e5 19. d4 Ne6 20. Bg4 Kb8 21. Nf3 h5
22. Bxe6 Qxe6 23. dxe5 g4 24. Nd4 Qg6 25. hxg4 hxg4 26. e6 Bxe6 27. Bxc7+ Ka8
28. Bxd8 Rxd8 29. Qc2 Qh6 30. Nf5 Qg5 31. Nxg7 Qxg7 32. Qc7 Qg5 33. Qf4 Qg6 34.
Qe5 Qh6 35. Qh2 Qf6 36. Rc7 Bf5 37. Rfc1 Rh8 38. Rf7 Qb2 39. Qc7 Qxb5 40. Rxf5
1-0

[Event "6th Agzamov Memorial"]
[Site "Tashkent UZB"]
[Date "2012.03.10"]
[Round "5"]
[White "Mamedov, Rau"]
[Black "Kasyan, A."]
[Result "1-0"]
[WhiteElo "2624"]
[BlackElo "2336"]
[PlyCount "131"]
[EventDate "2012.03.06"]
[EventType "swiss"]
[EventRounds "9"]
[EventCountry "UZB"]
[Source "Mark Crowther"]
[SourceDate "2012.03.12"]

1. c4 Nf6 2. Nc3 g6 3. g3 Bg7 4. Bg2 O-O 5. d4 d6 6. Nf3 Nc6 7. O-O Bf5 8. d5
Na5 9. Nd4 Bd7 10. b3 c5 11. dxc6 bxc6 12. e4 c5 13. Nde2 Nc6 14. Bb2 Ne8 15.
Qd2 Nc7 16. Nd5 Bxb2 17. Qxb2 Ne6 18. Rae1 Rb8 19. f4 Ned4 20. Nxd4 Nxd4 21. e5
Be6 22. exd6 exd6 23. Ne3 Qd7 24. Qf2 Rbe8 25. Rd1 Bg4 26. Rd2 Bh3 27. Nc2 Bxg2
28. Qxg2 Nf5 29. Qf2 Qe6 30. g4 Nd4 31. Nxd4 Qxg4+ 32. Qg3 Qxg3+ 33. hxg3 cxd4
34. Rxd4 Re3 35. Kg2 Rfe8 36. Rf3 Re2+ 37. Rf2 R2e3 38. Rf3 Re2+ 39. Rf2 R2e3
40. Rxd6 Rc3 41. Kh2 Ree3 42. Rg2 h5 43. f5 g5 44. Rh6 h4 45. f6 Rxg3 46. Rxg3
hxg3+ 47. Kg2 Rc2+ 48. Kxg3 Rxa2 49. Rh5 Rb2 50. Rxg5+ Kh7 51. Kf4 Rxb3 52. c5
Rc3 53. Ke4 Kh6 54. Rd5 a5 55. Kd4 Rc1 56. Rd6 Kg6 57. Ra6 a4 58. Kd5 Kf5 59.
c6 Rd1+ 60. Kc5 Rc1+ 61. Kd6 Rd1+ 62. Ke7 Rc1 63. Kxf7 a3 64. Rxa3 Rxc6 65.
Ra5+ Ke4 66. Kg7 1-0

[Event "6th Agzamov Memorial"]
[Site "Tashkent UZB"]
[Date "2012.03.10"]
[Round "5"]
[White "Nazarov, R."]
[Black "Atabayev, Y."]
[Result "0-1"]
[WhiteElo "2092"]
[BlackElo "2404"]
[PlyCount "62"]
[EventDate "2012.03.06"]
[EventType "swiss"]
[EventRounds "9"]
[EventCountry "UZB"]
[Source "Mark Crowther"]
[SourceDate "2012.03.12"]

1. e4 c5 2. Nf3 d6 3. d4 cxd4 4. Nxd4 Nf6 5. Nc3 a6 6. Be3 e5 7. Nb3 Be6 8. f3
Be7 9. Qd2 O-O 10. O-O-O a5 11. Qf2 Qc8 12. a4 Nc6 13. g4 Nb4 14. Kb1 d5 15. g5
d4 16. gxf6 Bxb3 17. fxe7 Bxc2+ 18. Qxc2 Nxc2 19. exf8=Q+ Qxf8 20. Kxc2 dxc3
21. b3 Qa3 22. Kxc3 Rc8+ 23. Bc4 b5 24. axb5 a4 25. Rb1 Qa2 26. Ra1 Qxb3+ 27.
Kd2 Qxc4 28. Rhc1 Qb4+ 29. Ke2 Qxb5+ 30. Kf2 Rxc1 31. Rxc1 h6 0-1

[Event "6th Agzamov Memorial"]
[Site "Tashkent UZB"]
[Date "2012.03.10"]
[Round "5"]
[White "Saidov, B."]
[Black "Vladimirov, V UZB."]
[Result "1-0"]
[WhiteElo "2389"]
[BlackElo "2170"]
[PlyCount "97"]
[EventDate "2012.03.06"]
[EventType "swiss"]
[EventRounds "9"]
[EventCountry "UZB"]
[Source "Mark Crowther"]
[SourceDate "2012.03.12"]

1. d4 d5 2. Nf3 f5 3. Bg5 h6 4. Bh4 g5 5. Bg3 Nf6 6. e3 Bg7 7. c4 c6 8. Nc3 e6
9. Bd3 O-O 10. Qc2 Ne4 11. Be5 Nd7 12. Bxg7 Kxg7 13. Nd2 Nxd2 14. Qxd2 Nf6 15.
f3 Qe7 16. O-O-O dxc4 17. Bxc4 b5 18. Bd3 a5 19. h4 e5 20. hxg5 hxg5 21. g4 e4
22. Bc2 b4 23. Na4 Be6 24. Qh2 Rh8 25. Qe5 Kf7 26. gxf5 Bd5 27. fxe4 Rxh1 28.
Rxh1 Qxe5 29. dxe5 Nxe4 30. Nb6 Re8 31. Nd7 Nf6 32. e6+ Ke7 33. e4 Bxe4 34.
Nxf6 Bxh1 35. Nxe8 g4 36. Kd2 g3 37. Ke3 Bd5 38. Ng7 g2 39. Kf2 c5 40. b3 c4
41. Nh5 a4 42. Nf4 Bc6 43. bxa4 Kf6 44. Nxg2 b3 45. axb3 cxb3 46. Bxb3 Kxf5 47.
a5 Ke5 48. a6 Kd6 49. a7 1-0

[Event "6th Agzamov Memorial"]
[Site "Tashkent UZB"]
[Date "2012.03.10"]
[Round "5"]
[White "Tillyaev, U."]
[Black "Dzhumaev, M."]
[Result "0-1"]
[WhiteElo "2214"]
[BlackElo "2494"]
[PlyCount "92"]
[EventDate "2012.03.06"]
[EventType "swiss"]
[EventRounds "9"]
[EventCountry "UZB"]
[Source "Mark Crowther"]
[SourceDate "2012.03.12"]

1. e4 d6 2. Nc3 g6 3. f4 c6 4. Nf3 d5 5. e5 h5 6. d4 Nh6 7. Be3 Bg4 8. h3 Nf5
9. Bf2 Bxf3 10. Qxf3 h4 11. e6 fxe6 12. O-O-O Nd7 13. Re1 Qc7 14. Rxe6 Bh6 15.
Rxg6 Qxf4+ 16. Qxf4 Bxf4+ 17. Kb1 Bg3 18. Bxg3 Nxg3 19. Rg1 Kf7 20. Rg4 e5 21.
dxe5 Nxe5 22. Rb4 b5 23. a4 a6 24. Rf4+ Ke6 25. Be2 Raf8 26. Bg4+ Kd6 27. Rd4
Rhg8 28. Bd1 Nf5 29. Rf4 Nc4 30. Be2 Ke5 31. Rf2 Nfe3 32. Rxf8 Rxf8 33. g3 d4
34. Nd1 Nxd1 35. Bxd1 hxg3 36. axb5 axb5 37. Rxg3 Rf1 38. Rd3 Ne3 39. Kc1 c5
40. h4 c4 41. Rd2 b4 42. h5 c3 43. bxc3 bxc3 44. Rd3 Rh1 45. h6 Rxh6 46. Bf3
Rf6 0-1

[Event "6th Agzamov Memorial"]
[Site "Tashkent UZB"]
[Date "2012.03.10"]
[Round "5"]
[White "Vakhidov, J."]
[Black "Ulkhanov, A."]
[Result "0-1"]
[WhiteElo "2396"]
[BlackElo "2226"]
[PlyCount "68"]
[EventDate "2012.03.06"]
[EventType "swiss"]
[EventRounds "9"]
[EventCountry "UZB"]
[Source "Mark Crowther"]
[SourceDate "2012.03.12"]

1. d4 d6 2. c4 e5 3. Nf3 e4 4. Ng5 f5 5. Nc3 Be7 6. Nh3 Nf6 7. Bg5 c6 8. e3 O-O
9. Be2 Kh8 10. Nf4 Na6 11. h4 Nc7 12. d5 c5 13. Qd2 a6 14. a3 Qe8 15. Bd1 Rb8
16. b4 b6 17. Rb1 Bd7 18. Nce2 Kg8 19. Ng3 Qf7 20. Ngh5 Rfc8 21. Rh3 Nce8 22.
Nxf6+ Nxf6 23. Rg3 Kh8 24. h5 Ng4 25. Bxe7 Qxe7 26. Bxg4 fxg4 27. Rc1 b5 28.
cxb5 cxb4 29. bxa6 Qh4 30. Rxc8+ Bxc8 31. Nh3 gxh3 32. gxh3 bxa3 33. a7 Qf6 34.
Kf1 Qb2 0-1

[Event "6th Agzamov Memorial"]
[Site "Tashkent UZB"]
[Date "2012.03.11"]
[Round "6"]
[White "Akhmetov, Ay"]
[Black "Saidov, B."]
[Result "1/2-1/2"]
[WhiteElo "2211"]
[BlackElo "2389"]
[PlyCount "204"]
[EventDate "2012.03.06"]
[EventType "swiss"]
[EventRounds "9"]
[EventCountry "UZB"]
[Source "Mark Crowther"]
[SourceDate "2012.03.12"]

1. e4 e5 2. Nf3 Nc6 3. Bb5 Bc5 4. O-O Qf6 5. Nc3 Nge7 6. d3 h6 7. Be3 Bb6 8.
Re1 O-O 9. Bc4 d6 10. h3 Be6 11. Nd5 Bxd5 12. Bxd5 Nxd5 13. exd5 Ne7 14. c4 Nf5
15. Bxb6 axb6 16. Re4 Rfe8 17. Qe2 Qd8 18. a3 c6 19. dxc6 bxc6 20. Qc2 f6 21.
Re2 d5 22. b4 Qd7 23. a4 Ne7 24. Qb3 Ng6 25. Rea2 Nf4 26. b5 Ra5 27. bxc6 Qxc6
28. cxd5 Rxd5 29. Rc2 Qa8 30. a5 Kh8 31. Qxb6 Rxd3 32. Nh4 Rd4 33. Qc6 Nxh3+
34. gxh3 Rxh4 35. a6 Qxc6 36. Rxc6 Rb4 37. a7 Ra8 38. Rc7 Kh7 39. Kh2 Kg6 40.
Kg2 h5 41. Kf3 Kf5 42. Rxg7 Rb3+ 43. Kg2 Kf4 44. Ra4+ e4 45. Ra6 f5 46. Ra5 e3
47. Ra4+ Ke5 48. Re7+ Kf6 49. Rxe3 Rb7 50. Rea3 h4 51. Kf3 Kg5 52. Ke3 Rd7 53.
f4+ Kg6 54. Ra6+ Kg7 55. R3a5 Kh7 56. Rxf5 Raxa7 57. Rxa7 Rxa7 58. Kf3 Kg6 59.
Kg4 Ra1 60. Rb5 Rf1 61. Rb6+ Kf7 62. Kf5 Rf3 63. Rb7+ Kg8 64. Kg4 Rf1 65. Rb3
Kf7 66. Rf3 Ra1 67. Rb3 Rg1+ 68. Kxh4 Kf6 69. Rg3 Ra1 70. Kg4 Rb1 71. h4 Ra1
72. h5 Rh1 73. Rh3 Rg1+ 74. Kf3 Rf1+ 75. Ke3 Kg7 76. h6+ Kh7 77. Ke4 Ra1 78. f5
Ra4+ 79. Ke5 Ra5+ 80. Kf6 Ra6+ 81. Kg5 Ra1 82. Rh4 Ra8 83. Rb4 Rg8+ 84. Kh5 Rg1
85. f6 Rh1+ 86. Kg4 Rg1+ 87. Kf5 Ra1 88. Rb7+ Kxh6 89. Ke6 Re1+ 90. Kf7 Ra1 91.
Re7 Ra8 92. Re8 Ra7+ 93. Re7 Ra8 94. Rd7 Kh7 95. Re7 Rb8 96. Rd7 Ra8 97. Rd6
Rb8 98. Rd1 Rb7+ 99. Ke6 Rb6+ 100. Rd6 Rb8 101. Rd2 Kg8 102. Kf5 Rb1 1/2-1/2

[Event "6th Agzamov Memorial"]
[Site "Tashkent UZB"]
[Date "2012.03.11"]
[Round "6"]
[White "Atabayev, M."]
[Black "Aripov, I."]
[Result "1-0"]
[WhiteElo "2367"]
[BlackElo "2182"]
[PlyCount "53"]
[EventDate "2012.03.06"]
[EventType "swiss"]
[EventRounds "9"]
[EventCountry "UZB"]
[Source "Mark Crowther"]
[SourceDate "2012.03.12"]

1. e4 c6 2. d4 d5 3. Nc3 dxe4 4. Nxe4 Bf5 5. Ng3 Bg6 6. h4 h6 7. Nf3 Nf6 8. Ne5
Bh7 9. Bc4 e6 10. Qe2 Qc7 11. Bf4 Nd5 12. Bxd5 Qa5+ 13. c3 Qxd5 14. O-O Be7 15.
Qg4 Rg8 16. c4 Qxd4 17. Rad1 Qb6 18. Rfe1 c5 19. Nxf7 Kxf7 20. Rd6 Re8 21.
Qxe6+ Kf8 22. Rxb6 axb6 23. Nf5 Nc6 24. Nxe7 Rxe7 25. Bd6 Rae8 26. Bxe7+ Rxe7
27. Qc8+ 1-0

[Event "6th Agzamov Memorial"]
[Site "Tashkent UZB"]
[Date "2012.03.11"]
[Round "6"]
[White "Atabayev, Y."]
[Black "Iordachescu, V."]
[Result "0-1"]
[WhiteElo "2404"]
[BlackElo "2644"]
[PlyCount "104"]
[EventDate "2012.03.06"]
[EventType "swiss"]
[EventRounds "9"]
[EventCountry "UZB"]
[Source "Mark Crowther"]
[SourceDate "2012.03.12"]

1. e4 e5 2. Nf3 Nc6 3. Bb5 a6 4. Ba4 Nf6 5. d3 d6 6. c3 g6 7. O-O Bg7 8. Nbd2
O-O 9. Re1 b5 10. Bb3 Na5 11. Bc2 c5 12. d4 cxd4 13. cxd4 exd4 14. Nxd4 Re8 15.
N2b3 Nc4 16. a4 Bd7 17. Nd2 Ng4 18. N2f3 b4 19. b3 Nce5 20. Ra2 Qb6 21. Bb1
Nxf3+ 22. Nxf3 Bc3 23. h3 Ne5 24. Re3 Rac8 25. Nxe5 Bxe5 26. Rd3 Rc3 27. Be3
Qc6 28. f4 Rxd3 29. Bxd3 Bc3 30. Bf2 Be6 31. Re2 f6 32. Bc2 Bf7 33. Bd4 Bxd4+
34. Qxd4 Qc5 35. Rd2 a5 36. Kh2 Qxd4 37. Rxd4 Rc8 38. Bd3 Bxb3 39. Rxd6 Bxa4
40. Rd5 Ra8 41. Bc4 Kg7 42. Rc5 Ra7 43. Rc8 Re7 44. Bd5 Be8 45. Rb8 Bf7 46. Rb5
Ra7 47. Bxf7 Kxf7 48. Kg3 Ke7 49. Kf3 Kd7 50. Ke3 Kc6 51. Rd5 a4 52. Rd4 a3 0-1

[Event "6th Agzamov Memorial"]
[Site "Tashkent UZB"]
[Date "2012.03.11"]
[Round "6"]
[White "Grachev, B."]
[Black "Khusnutdinov, R."]
[Result "1-0"]
[WhiteElo "2705"]
[BlackElo "2500"]
[PlyCount "71"]
[EventDate "2012.03.06"]
[EventType "swiss"]
[EventRounds "9"]
[EventCountry "UZB"]
[Source "Mark Crowther"]
[SourceDate "2012.03.12"]

1. c4 Nf6 2. Nc3 d5 3. cxd5 Nxd5 4. g3 g6 5. Bg2 Nxc3 6. bxc3 Bg7 7. h4 c6 8.
h5 Qa5 9. Qb3 Nd7 10. Nf3 Nb6 11. Rh4 Bf6 12. Qb4 Qxb4 13. Rxb4 gxh5 14. e4 Rg8
15. e5 Bh8 16. a4 Nd5 17. Rh4 Bg4 18. Ba3 a5 19. Rb1 O-O-O 20. Nh2 Bf5 21. Bh3
Bxh3 22. Rxh3 Bxe5 23. Rxh5 Bd6 24. Bxd6 exd6 25. c4 Nb4 26. Rxa5 c5 27. Nf1
Kc7 28. Ne3 Ra8 29. Rxa8 Rxa8 30. Ke2 Rxa4 31. Rh1 Ra8 32. Rxh7 Rf8 33. f4 Nc6
34. g4 Ne7 35. f5 Kd7 36. g5 1-0

[Event "6th Agzamov Memorial"]
[Site "Tashkent UZB"]
[Date "2012.03.11"]
[Round "6"]
[White "Karimov, I."]
[Black "Solodovnichenko, Y."]
[Result "1/2-1/2"]
[WhiteElo "2324"]
[BlackElo "2615"]
[PlyCount "134"]
[EventDate "2012.03.06"]
[EventType "swiss"]
[EventRounds "9"]
[EventCountry "UZB"]
[Source "Mark Crowther"]
[SourceDate "2012.03.12"]

1. e4 c5 2. Nf3 d6 3. d4 Nf6 4. Nc3 cxd4 5. Nxd4 a6 6. h3 e6 7. g4 Be7 8. g5
Nfd7 9. h4 b5 10. a3 Bb7 11. Bg2 Nc6 12. f4 O-O 13. Nxc6 Bxc6 14. O-O Qb6+ 15.
Kh1 Qb7 16. f5 exf5 17. Rxf5 Rae8 18. Be3 Nc5 19. Bxc5 dxc5 20. Nd5 Bd6 21.
Nf6+ gxf6 22. Qxd6 Rxe4 23. Qg3 Qb8 24. Qxb8 Rxb8 25. Rxf6 Rxh4+ 26. Kg1 Bxg2
27. Kxg2 Rg4+ 28. Kf3 Rxg5 29. Rxa6 Kg7 30. b3 Rg6 31. Ra7 Re8 32. a4 Rf6+ 33.
Kg4 b4 34. Rd7 Re4+ 35. Kg3 Re3+ 36. Kg2 Re2+ 37. Kg3 Rxc2 38. Rd3 Rff2 39. Rd5
f5 40. a5 Kg6 41. Rg1 Kf6 42. a6 h5 43. Rd6+ Ke5 44. a7 f4+ 45. Kh4 Rh2+ 46.
Kg5 Rcg2+ 47. Kh6 Ra2 48. Rd7 f3 49. Rg5+ Kf4 50. Rf7+ Ke3 51. Rxc5 Ra6+ 52.
Kh7 Rha2 53. Re5+ Kd4 54. Ree7 f2 55. Rd7+ Ke3 56. Rde7+ Kd3 57. Rf3+ Kd4 58.
Rf4+ Kd5 59. Rf5+ Kd6 60. Ref7 Re2 61. R5f6+ Re6 62. Rxf2 Kc5 63. R2f5+ Kd4 64.
Rd7+ Ke3 65. Rd8 Rh6+ 66. Kg7 Rhg6+ 67. Kh7 Rh6+ 1/2-1/2

[Event "6th Agzamov Memorial"]
[Site "Tashkent UZB"]
[Date "2012.03.11"]
[Round "6"]
[White "Kasyan, A."]
[Black "Golubev, R."]
[Result "1-0"]
[WhiteElo "2336"]
[BlackElo "2185"]
[PlyCount "123"]
[EventDate "2012.03.06"]
[EventType "swiss"]
[EventRounds "9"]
[EventCountry "UZB"]
[Source "Mark Crowther"]
[SourceDate "2012.03.12"]

1. c4 Nf6 2. d4 g6 3. Nc3 d5 4. cxd5 Nxd5 5. Bd2 Bg7 6. e4 Nb6 7. Be3 O-O 8. h3
e5 9. Nf3 exd4 10. Bxd4 c6 11. Bxg7 Kxg7 12. Qd4+ Qxd4 13. Nxd4 N8d7 14. Bd3
Nc5 15. Bc2 Ne6 16. Nde2 Rd8 17. Rd1 Rxd1+ 18. Kxd1 Bd7 19. Kc1 c5 20. Rd1 Rd8
21. Bb3 Bc6 22. Rxd8 Nxd8 23. Nf4 Kf6 24. Kd2 Bd7 25. Ke3 Ne6 26. Nfd5+ Nxd5+
27. exd5 Ng7 28. Ne4+ Ke7 29. d6+ Kd8 30. Bxf7 Nf5+ 31. Kf4 Bc6 32. Bg8 Bxe4
33. Kxe4 Nxd6+ 34. Kd5 Ne8 35. Kxc5 Nf6 36. Bd5 Kc7 37. Kd4 b6 38. Bf7 Kd6 39.
h4 Ng4 40. Bg8 Nf6 41. Bc4 Ng4 42. f3 Ne5 43. Bd5 Nd7 44. g4 h6 45. f4 Nf6 46.
Bf3 Nd7 47. g5 hxg5 48. hxg5 Nf8 49. Bg4 Nh7 50. Bh3 Nf8 51. f5 Ke7 52. fxg6
Nxg6 53. Bf5 Nf4 54. Ke5 Nh5 55. g6 Ng7 56. Bc2 Nh5 57. Kd5 Kd7 58. Bf5+ Ke7
59. Kc6 Ng7 60. Bc2 Ne6 61. Kb7 Nd4 62. Bd3 1-0

[Event "6th Agzamov Memorial"]
[Site "Tashkent UZB"]
[Date "2012.03.11"]
[Round "6"]
[White "Khamrakulov, D."]
[Black "Farid, F."]
[Result "1/2-1/2"]
[WhiteElo "2452"]
[BlackElo "2251"]
[PlyCount "77"]
[EventDate "2012.03.06"]
[EventType "swiss"]
[EventRounds "9"]
[EventCountry "UZB"]
[Source "Mark Crowther"]
[SourceDate "2012.03.12"]

1. e4 c6 2. d4 d5 3. Nc3 dxe4 4. Nxe4 Nf6 5. Nxf6+ gxf6 6. c3 Bf5 7. Ne2 h5 8.
h4 Nd7 9. Ng3 Bg6 10. Be2 Qa5 11. b4 Qd5 12. c4 Qd6 13. c5 Qd5 14. O-O e5 15.
Bb2 O-O-O 16. dxe5 Qxd1 17. Raxd1 fxe5 18. f4 f6 19. fxe5 fxe5 20. Bd3 Bxd3 21.
Rxd3 b6 22. cxb6 axb6 23. a3 c5 24. bxc5 Bxc5+ 25. Kh2 Rhf8 26. Rxf8 Rxf8 27.
Rf3 Rxf3 28. gxf3 Bf2 29. Nf5 Be1 30. Kg2 b5 31. Kf1 Ba5 32. Nd6+ Kc7 33. Nf7
Kc6 34. Bxe5 Nxe5 35. Nxe5+ Kd5 36. Nd3 Bd8 37. Ke2 Bxh4 38. Nf4+ Kd4 39. Nxh5
1/2-1/2

[Event "6th Agzamov Memorial"]
[Site "Tashkent UZB"]
[Date "2012.03.11"]
[Round "6"]
[White "Kotsur, P."]
[Black "Niyazmetov, R."]
[Result "1-0"]
[WhiteElo "2589"]
[BlackElo "2207"]
[PlyCount "81"]
[EventDate "2012.03.06"]
[EventType "swiss"]
[EventRounds "9"]
[EventCountry "UZB"]
[Source "Mark Crowther"]
[SourceDate "2012.03.12"]

1. d4 Nf6 2. c4 g6 3. Nc3 Bg7 4. e4 d6 5. Be2 O-O 6. Bg5 c5 7. d5 e6 8. Nf3
exd5 9. exd5 Bg4 10. O-O Nbd7 11. h3 Bxf3 12. Bxf3 Re8 13. Qd2 a6 14. a4 Qa5
15. Qc2 h6 16. Bd2 Qc7 17. b3 Re7 18. Rae1 Rae8 19. Rxe7 Rxe7 20. Qc1 Kh7 21.
Qb1 Qd8 22. Bd1 Qe8 23. Bc2 Qh8 24. Qd1 Qe8 25. f4 Kg8 26. Qf3 Nh5 27. Ne4 Bd4+
28. Kh2 Qb8 29. f5 Be5+ 30. Kh1 Kg7 31. g4 Nhf6 32. Bxh6+ Kh7 33. Bg5 Nxe4 34.
Qxe4 f6 35. fxg6+ Kg7 36. Bd2 Qh8 37. Kg2 Nf8 38. Rf3 Qh4 39. Bd3 Kg8 40. Qf5
Rg7 41. Qh5 1-0